Australian State Flags - Statistics

General Stats
  • This quiz has been taken 153 times
  • The average score is 7 of 8
Answer Stats
Picture Answer % Correct
New South Wales
96%
Tasmania
95%
Western Australia
95%
Queensland
93%
Victoria
93%
South Australia
92%
Australian Capital Territory
88%
Northern Territory
88%
No matching quizzes found
Score Distribution
Percent of People with Each Score
Percentile by Number Answered
Your Score History
You have not taken this quiz